Statistiques concernant Taylor Swift - So Long, London

Cliquez ici pour prendre le quiz!

Statistiques générales

  • Ce quiz a été pris 16 fois
  • Le résultat moyen est 284 sur 345

Statistiques - réponses

Réponse% Correct
a
100%
A
100%
all,
100%
all
100%
Had
100%
had
100%
I
100%
it
100%
it's
100%
London
100%
Long,
100%
long,
100%
on
100%
one
100%
so
100%
So
100%
to
100%
you
100%
You
100%
after
92%
altar
92%
and
92%
And
92%
be
92%
bluest
92%
but
92%
But
92%
clues?
92%
day
92%
days
92%
did
92%
Did
92%
died
92%
for
92%
For
92%
free?
92%
free
92%
go
92%
how
92%
How
92%
I'll
92%
I'm
92%
in
92%
love
92%
loved
92%
me
92%
me?
92%
me,
92%
much
92%
my
92%
My
92%
no
92%
of
92%
proof
92%
sad
92%
said
92%
stopped
92%
that
92%
the
92%
The
92%
think
92%
this
92%
us
92%
waiting
92%
we
92%
were
92%
where
92%
your
92%
as
83%
back
83%
'cause
83%
color
83%
CPR,
83%
face
83%
find
83%
friends
83%
getting
83%
going
83%
good
83%
gun
83%
have
83%
he
83%
hell
83%
into
83%
just
83%
Just
83%
mad
83%
off
83%
pissed
83%
place
83%
say
83%
someone
83%
swore
83%
Two
83%
use
83%
was
83%
with
83%
You'll
83%
youth
83%
affair
75%
Before
75%
come
75%
down
75%
Ever
75%
Every
75%
gods
75%
gone,
75%
graves,
75%
isn't
75%
let
75%
mind
75%
never
75%
not
75%
Oh,
75%
right
75%
run
75%
sacrificed
75%
ship
75%
there
75%
time
75%
When
75%
would
75%
you're
75%
abandoned
67%
carrying
67%
drifting
67%
fairy
67%
give
67%
I'd
67%
knuckle
67%
lights
67%
like
67%
mist
67%
moment
67%
Pulled
67%
saw
67%
scared
67%
spine
67%
sun
67%
through
67%
tragedy
67%
tragedy?
67%
warm
67%
at
58%
away
58%
bones
58%
breath
58%
by
58%
carried
58%
clothes,
58%
didn't
58%
drill
58%
dying
58%
feels
58%
from
58%
hill
58%
him
58%
if
58%
kept
58%
left
58%
low
58%
out
58%
rares
58%
rift
58%
safe
58%
self-implode?
58%
spirit
58%
Stitches
58%
things
58%
Thinking
58%
tight
58%
undone
58%
up
58%
wants
58%
weary
58%
Wet
58%
white
58%
about
50%
air
50%
caught
50%
chill
50%
club
50%
founded
50%
great
50%
grip
50%
heard
50%
Heath
50%
Holding
50%
house
50%
knew,
50%
laugh,
50%
make
50%
man
50%
odd
50%
quiet
50%
resentment
50%
she's
50%
split
50%
sure
50%
tighter
50%
trying
50%
calm
42%
each
42%
weight
42%
opt
33%

Distribution des résultats

Percentile par nombre de réponses

% des personnes avec chaque résultat

Votre développement - résultats

Vous n’avez pas pris ce quiz